[Event "Lenk op 20th"]
[Site "Lenk"]
[Date "2008.03.22"]
[Round "4"]
[White "Bucher, Michael"]
[Black "Maeder, David"]
[Result "1-0"]
[WhiteElo "2348"]
[BlackElo "2098"]
[PlyCount "91"]
[EventDate "2008.03.20"]
[EventType "swiss"]
[EventRounds "7"]
[EventCountry "SUI"]
[SourceTitle "CBM 123 Extra"]
[Source "ChessBase"]
[SourceDate "2008.05.06"]
[SourceVersion "1"]
[SourceVersionDate "2008.05.06"]
[SourceQuality "1"]

1. d4 Nf6 2. Nf3 c5 3. c4 b5 4. cxb5 a6 5. bxa6 Bxa6 6. g3 e6 7. Bg2 d5 8. 0-0 Nbd7 9. Nc3 Be7 10. Re1 0-0 11. h3 cxd4 12. Nxd4 Ne5 13. Nf3 Nfd7 14. Nxe5 Nxe5 15. b3 Qa5 16. Bd2 Bb4 17. Nb1 Rfc8 18. a3 Bxd2 19. Nxd2 Qc3 20. Nf3 Nxf3+ 21. Bxf3 Qb2 22. Qb1 Qd2 23. Rd1 Qa5 24. Qb2 Rab8 25. Rdc1 Bc4 26. b4 Qb5 27. e3 f6 28. Bg2 Rc6 29. Bf1 Bxf1 30. Rxf1 Rbc8 31. Rfc1 Rc4 32. Rxc4 Qxc4 33. b5 Qd3 34. Qb1 Qd2 35. Qe1 Qb2 36. a4 Rc2 37. Rb1 Qa2 38. Rc1 Qxa4 39. Rxc2 Qxc2 40. Qb4 Kf7 41. b6 Qd1+ 42. Kg2 e5 43. b7 e4 44. b8Q Qf3+ 45. Kg1 Qd1+ 46. Kh2 1-0

[Event "Zuerich op-B 31st"]
[Site "Zuerich"]
[Date "2007.??.??"]
[Round "4"]
[White "Maeder, David"]
[Black "Hoffmann, Michael1111"]
[Result "1-0"]
[WhiteElo "2004"]
[BlackElo "1935"]
[PlyCount "55"]
[EventDate "2007.12.26"]
[EventType "swiss"]
[EventRounds "7"]
[EventCountry "SUI"]
[SourceTitle "EXT 2019"]
[Source "ChessBase"]
[SourceDate "2018.10.10"]
[SourceVersion "1"]
[SourceVersionDate "2018.10.10"]
[SourceQuality "1"]

1. e4 c5 2. Nc3 Nc6 3. f4 g6 4. Nf3 Bg7 5. Bb5 Nd4 6. 0-0 Nxb5 7. Nxb5 d5 8. e5 a6 9. Na3 e6 10. d4 cxd4 11. Nxd4 Ne7 12. Be3 0-0 13. Qd2 Bd7 14. Qf2 Rc8 15. Nb3 Re8 16. Bb6 Rc7 17. Rac1 Qc8 18. Bxc7 Qxc7 19. c4 Bc6 20. Nb5 axb5 21. cxb5 Qb8 22. bxc6 Nxc6 23. Qb6 f6 24. Nc5 fxe5 25. Nd7 Qa8 26. fxe5 Re7 27. Nf6+ Kh8 28. Qc5 1-0

[Event "Zuerich op-B 31st"]
[Site "Zuerich"]
[Date "2007.??.??"]
[Round "6"]
[White "Maeder, David"]
[Black "Schnelli, Roman"]
[Result "1-0"]
[WhiteElo "2004"]
[BlackElo "1929"]
[PlyCount "39"]
[EventDate "2007.12.26"]
[EventType "swiss"]
[EventRounds "7"]
[EventCountry "SUI"]
[SourceTitle "EXT 2019"]
[Source "ChessBase"]
[SourceDate "2018.10.10"]
[SourceVersion "1"]
[SourceVersionDate "2018.10.10"]
[SourceQuality "1"]

1. e4 e6 2. d4 d5 3. Nc3 Bb4 4. e5 c5 5. a3 Bxc3+ 6. bxc3 Ne7 7. Bd3 b6 8. Nf3 Ba6 9. a4 Bxd3 10. Qxd3 Nd7 11. 0-0 h6 12. Ba3 0-0 13. Nh4 Nc6 14. g3 Na5 15. f4 Nc4 16. f5 Nxa3 17. Rxa3 Qg5 18. Rf4 exf5 19. Nxf5 Rfd8 20. h4 1-0